00273nam a2200109Ia 450000100070000000500170000700800410002424500470006526000250011230000070013799900190014458753320250717113817.0250717s9999 xx 000 0 und d 0aX-12 İLK RESİMLİ ATLASIMcKOMİSYON bBETA YAYINLARIc2020 b32 c587533d587533